Catalog

Record Details

Catalog Search



Duke Ellington : the piano prince and his ... Read More

Pinkney, J. Brian.(Added Author).

Available copies

  • 2 of 2 copies available at LARL/NWRL Consortium.
  • 2 of 2 copies available at Lake Agassiz Regional Library. (Show preferred library)

Current holds

0 current holds with 2 total copies.

Show Only Available Copies
Location Call Number / Copy Notes Barcode Shelving Location Status Due Date
Detroit Lakes Public Library E 921 Ell (Text) 33500005865878 Main Available -
Moorhead Public Library E 921 Ell (Text) 33500006185938 Main Available -

Record details

  • ISBN: 0786801786 (trade)
  • ISBN: 0786821507 (lib.)
  • Physical Description: 1 v. (unpaged) : col. ill. ; 29 cm.
  • Publisher: New York : Hyperion Books for Children, c1998.

Content descriptions

Bibliography, etc. Note:
Includes bibliographical references.
Summary, etc.:
A brief recounting of the career of this jazz ... Read More
Subject: Ellington, Duke, 1899-1974 > Juvenile literature.
Jazz musicians > Biography > Juvenile literature.
Musicians > Juvenile literature.
African Americans > Biography > Juvenile literature.
LDR 01513cam a2200349 a 4500
00124125
003LARL_NWRL_CONSORTIUM
00519980120084212.8
008960923s1998 nyua b b 000 0beng
010 . ‡a96046031 /AC/MN
020 . ‡a0786801786 (trade)
020 . ‡a0786821507 (lib.)
035 . ‡a(OCoLC)35638075
03500. ‡iLCMARC/AUX-0084/KRLTECH2
040 . ‡aDLC ‡cDLC ‡dDLC
043 . ‡an-us---
08200. ‡a781.65/092 ‡aB ‡220
092 . ‡a921 ‡bEll
1001 . ‡aPinkney, Andrea Davis. ‡0(LARL_NWRL_CONSORTIUM)106691
24510. ‡aDuke Ellington : ‡bthe piano prince and his orchestra / ‡cAndrea Davis Pinkney ; illustrated by Brian Pinkney.
260 . ‡aNew York : ‡bHyperion Books for Children, ‡cc1998.
300 . ‡a1 v. (unpaged) : ‡bcol. ill. ; ‡c29 cm.
504 . ‡aIncludes bibliographical references.
520 . ‡aA brief recounting of the career of this jazz musician and composer who, along with his orchestra, created music that was beyond category.
60010. ‡aEllington, Duke, ‡d1899-1974 ‡vJuvenile literature.
650 0. ‡aJazz musicians ‡vBiography ‡vJuvenile literature.
650 0. ‡aMusicians ‡vJuvenile literature.
650 0. ‡aAfrican Americans ‡vBiography ‡vJuvenile literature. ‡0(LARL_NWRL_CONSORTIUM)163091
7001 . ‡aPinkney, J. Brian. ‡0(LARL_NWRL_CONSORTIUM)80948
901 . ‡a24125 ‡bOCLC ‡c24125 ‡tbiblio

Additional Resources